[Event "Netanya op"]
[Site "Netanya"]
[Date "2019.07.02"]
[Round "9"]
[White "Mizrahi, Ido"]
[Black "Mindlin, Alon"]
[Result "0-1"]
[WhiteElo "2100"]
[BlackElo "2454"]
[PlyCount "60"]
[EventDate "2019.06.23"]
[EventType "swiss"]
[EventRounds "9"]
[EventCountry "ISR"]
[SourceTitle "EXT 2020"]
[Source "ChessBase"]
[SourceDate "2019.10.17"]
[SourceVersion "1"]
[SourceVersionDate "2019.10.17"]
[SourceQuality "1"]

1. d4 Nf6 2. c4 e6 3. Nc3 Bb4 4. Bg5 h6 5. Bh4 c5 6. d5 exd5 7. cxd5 d6 8. e3 Bxc3+ 9. bxc3 Nbd7 10. Qb3 0-0 11. Nf3 Qa5 12. Rc1 b5 13. Bxf6 Nxf6 14. a4 bxa4 15. Qb5 Qb6 16. Qxa4 Qb2 17. Qc2 Qxc2 18. Rxc2 Bf5 19. Rc1 Nxd5 20. Be2 Rab8 21. Nd2 Nf6 22. Bf3 d5 23. c4 d4 24. exd4 Rb2 25. d5 Nd7 26. Kd1 Ne5 27. Be2 Rfb8 28. f4 Ng4 29. Ke1 Re8 30. Rc3 Ra2 0-1

[Event "Netanya op"]
[Site "Netanya"]
[Date "2019.06.26"]
[Round "4"]
[White "Reches, Omer"]
[Black "Mizrahi, Ido"]
[Result "0-1"]
[WhiteElo "1724"]
[BlackElo "2100"]
[PlyCount "68"]
[EventDate "2019.06.23"]
[EventType "swiss"]
[EventRounds "9"]
[EventCountry "ISR"]
[SourceTitle "CBM 191 Extra"]
[Source "ChessBase"]
[SourceDate "2019.09.30"]
[SourceVersion "1"]
[SourceVersionDate "2019.09.30"]
[SourceQuality "1"]

1. e4 c6 2. d4 d5 3. e5 Bf5 4. h4 Qb6 5. Nc3 a6 6. g4 Bd7 7. Na4 Qc7 8. Nc5 e6 9. Nxd7 Nxd7 10. Bd3 c5 11. c3 h5 12. Bg5 Be7 13. Nh3 0-0-0 14. Bxe7 Nxe7 15. g5 Nc6 16. Be2 cxd4 17. cxd4 Qa5+ 18. Kf1 Qb6 19. Rc1 Kb8 20. Nf4 Nxd4 21. Nd3 Rc8 22. Rxc8+ Rxc8 23. Bxh5 g6 24. Bg4 Nc5 25. Nxc5 Rxc5 26. b3 Rc2 27. h5 gxh5 28. Bxh5 Qc5 29. b4 Qc4+ 30. Kg2 Nf5 31. Rh3 Qe4+ 32. Kg1 Rb2 33. Qf3 Qe1+ 34. Kg2 Rb1 0-1

[Event "EU-chT U12"]
[Site "Bad Blankenburg"]
[Date "2018.07.14"]
[Round "4.2"]
[White "Mizrahi, Ido"]
[Black "Strybuk, Artsiom I"]
[Result "1-0"]
[WhiteElo "1914"]
[BlackElo "2079"]
[PlyCount "73"]
[EventDate "2018.07.12"]
[EventType "team-tourn"]
[EventRounds "9"]
[EventCountry "GER"]
[SourceTitle "EXT 2019"]
[Source "ChessBase"]
[SourceDate "2018.10.10"]
[SourceVersion "1"]
[SourceVersionDate "2018.10.10"]
[SourceQuality "1"]
[WhiteTeam "Israel U12"]
[BlackTeam "Belarus U12"]
[WhiteTeamCountry "ISR"]
[BlackTeamCountry "BLR"]

1. c4 c5 2. g3 g6 3. Bg2 Bg7 4. Nc3 Nc6 5. a3 d6 6. Rb1 e6 7. b4 Nge7 8. Qb3 b6 9. Nf3 Bb7 10. 0-0 0-0 11. d3 Qd7 12. e3 Rab8 13. Bb2 Ba8 14. Ne4 e5 15. Rbd1 h6 16. Ne1 f5 17. Nc3 Nd8 18. f4 Bxg2 19. Nxg2 Ne6 20. Nd5 g5 21. Kh1 Rbe8 22. Bc3 Ng6 23. Qb2 Rf7 24. Rf2 g4 25. Rdf1 Ref8 26. e4 Nd4 27. Bxd4 cxd4 28. Qe2 Kh7 29. Kg1 exf4 30. exf5 Ne5 31. Rxf4 Rxf5 32. Rxf5 Rxf5 33. Qe4 Nf3+ 34. Rxf3 gxf3 35. Nh4 Kg8 36. Qxf5 Qe8 37. Qc8 1-0

[Event "EU-chT U12"]
[Site "Bad Blankenburg"]
[Date "2018.07.13"]
[Round "2.2"]
[White "Mizrahi, Ido"]
[Black "Ozkan, Taha"]
[Result "0-1"]
[WhiteElo "1914"]
[BlackElo "1891"]
[PlyCount "126"]
[EventDate "2018.07.12"]
[EventType "team-tourn"]
[EventRounds "9"]
[EventCountry "GER"]
[SourceTitle "EXT 2019"]
[Source "ChessBase"]
[SourceDate "2018.10.10"]
[SourceVersion "1"]
[SourceVersionDate "2018.10.10"]
[SourceQuality "1"]
[WhiteTeam "Israel U12"]
[BlackTeam "Turkey U12"]
[WhiteTeamCountry "ISR"]
[BlackTeamCountry "TUR"]

1. d4 d5 2. c4 c6 3. cxd5 cxd5 4. Bf4 Nc6 5. e3 g6 6. Nc3 a6 7. Be2 Bg7 8. Nf3 Nf6 9. h3 b6 10. 0-0 0-0 11. Ne5 Bb7 12. Bf3 e6 13. Rc1 Rc8 14. Na4 Nxe5 15. Bxe5 Rc6 16. Bxf6 Bxf6 17. Qb3 Be7 18. Be2 b5 19. Rxc6 Bxc6 20. Qc3 Qa8 21. Nc5 a5 22. a3 b4 23. axb4 axb4 24. Qxb4 Rb8 25. Qc3 Bxc5 26. Qxc5 Rxb2 27. Bd3 Rb3 28. Qc2 Qa3 29. Bxg6 Rc3 30. Bxh7+ Kg7 31. Qb1 Rb3 32. Qc1 Bb5 33. Qxa3 Rxa3 34. Rb1 Ba4 35. Bf5 exf5 36. g3 Bc2 37. Rc1 Be4 38. Kf1 Bf3 39. Ke1 Ra2 40. h4 Re2+ 41. Kf1 Rb2 42. Ke1 Re2+ 43. Kf1 Rd2 44. Ke1 Ra2 45. Kf1 Kg6 46. Ke1 Kh5 47. Kf1 Kg4 48. Kg1 Rd2 49. Re1 f6 50. Rf1 f4 51. gxf4 Kh3 52. Rc1 Kxh4 53. Rf1 Kh3 54. Rc1 Ra2 55. Kf1 Kh2 56. Rb1 f5 57. e4 dxe4 58. Ke1 Re2+ 59. Kf1 Rd2 60. Ke1 Rxd4 61. Rc1 Kg2 62. Rb1 Rc4 63. Ra1 Rc2 0-1

[Event "EU-ch U12 27th"]
[Site "Mamaia"]
[Date "2017.09.12"]
[Round "7"]
[White "Mizrahi, Ido"]
[Black "Colbow, Collin"]
[Result "1/2-1/2"]
[WhiteElo "1812"]
[BlackElo "2034"]
[PlyCount "122"]
[EventDate "2017.09.05"]
[EventType "swiss"]
[EventRounds "9"]
[EventCountry "ROU"]
[SourceTitle "EXT 2018"]
[Source "ChessBase"]
[SourceDate "2017.10.13"]
[SourceVersion "1"]
[SourceVersionDate "2017.10.13"]
[SourceQuality "1"]

1. d4 Nf6 2. c4 e6 3. Nc3 Bb4 4. Qc2 0-0 5. Nf3 b6 6. e4 Bb7 7. Bd3 h6 8. 0-0 Bxc3 9. bxc3 d6 10. Re1 Nbd7 11. e5 Ne8 12. Be4 Bxe4 13. Qxe4 dxe5 14. Nxe5 Nd6 15. Qd3 Nxe5 16. Rxe5 Qh4 17. Ba3 Rfd8 18. c5 Ne8 19. Rae1 Nf6 20. h3 Nd5 21. R5e4 Qg5 22. Kh2 f5 23. Re5 Qxg2+ 24. Kxg2 Nf4+ 25. Kf3 Nxd3 26. Rxe6 Nxe1+ 27. Rxe1 Re8 28. Rg1 Kf7 29. d5 Re4 30. d6 Ra4 31. Bc1 bxc5 32. dxc7 g5 33. Rd1 Rc8 34. Rd7+ Ke6 35. Rh7 Rh4 36. Kg3 f4+ 37. Kg2 Kd6 38. f3 Rxc7 39. Rxc7 Kxc7 40. c4 Kd6 41. Bd2 Rh5 42. Bc1 Ke5 43. Bb2+ Ke6 44. Bc1 Kf7 45. Bd2 Kg6 46. Bc3 Kh7 47. Bf6 Kg6 48. Bc3 Kf5 49. Bb2 Ke6 50. Bg7 Kd7 51. Bc3 Kc6 52. Bb2 Kd6 53. Bc3 g4 54. hxg4 Rg5 55. Bd2 Rg6 56. Bxf4+ Kc6 57. Kg3 Kd7 58. Be3 Ke8 59. Bxc5 Rc6 60. Bxa7 Rxc4 61. Be3 Rc6 1/2-1/2

[Event "EU-ch U10 26th"]
[Site "Prague"]
[Date "2016.08.25"]
[Round "7"]
[White "Mizrahi, Ido"]
[Black "Pavlov, Mark"]
[Result "1/2-1/2"]
[WhiteElo "1827"]
[BlackElo "1538"]
[PlyCount "80"]
[EventDate "2016.08.18"]
[EventType "swiss"]
[EventRounds "9"]
[EventCountry "CZE"]
[SourceTitle "CBM 174 Extra"]
[Source "ChessBase"]
[SourceDate "2016.10.10"]
[SourceVersion "1"]
[SourceVersionDate "2016.10.10"]
[SourceQuality "1"]

1. d4 Nf6 2. c4 c5 3. d5 b5 4. Qc2 d6 5. e4 g6 6. cxb5 Bg7 7. Nf3 0-0 8. Nc3 a6 9. Bf4 axb5 10. Bxb5 Bd7 11. Bc4 Na6 12. 0-0 Nc7 13. h3 Qb8 14. e5 Nfe8 15. Qe2 Qd8 16. Rfd1 Bc8 17. Rab1 Ba6 18. b3 Bxc4 19. bxc4 Na6 20. Rb3 Nec7 21. Ne4 Ne8 22. Rdb1 f6 23. exd6 exd6 24. a3 Rf7 25. Qd1 h6 26. h4 f5 27. Nc3 Nec7 28. Nb5 Bf8 29. Qd2 Kh7 30. Qb2 Bg7 31. Qc1 Bf8 32. Nxc7 Qxc7 33. Rb5 Ra7 34. Qb2 Bg7 35. Qb3 Bf8 36. Rb6 Nb4 37. Rb5 Na6 38. Rb6 Nb4 39. Rb5 Na6 40. Rb6 Nb4 1/2-1/2